| Tag |
First Indicator |
Second Indicator |
Subfields |
| LEADER |
00000cam a2200000 i 4500 |
| 001 |
in00000598421 |
| 005 |
20151014160427.0 |
| 008 |
750207r19751852nyua 00010 eng |
| 010 |
|
|
|a 75004698
|
| 020 |
|
|
|a 0306707462
|
| 035 |
|
|
|a (OCoLC)01207369
|
| 035 |
|
|
|9 ACR9706AM
|
| 040 |
|
|
|a DLC
|c DLC
|d TXA
|d UtOrBLW
|
| 043 |
|
|
|a n-us---
|
| 049 |
|
|
|a TXAM
|v 1 [1163858]
|v 2 [1163859]
|
| 050 |
0 |
0 |
|a NA7207
|b .S6 1975
|
| 082 |
0 |
|
|a 728/.0973
|
| 100 |
1 |
|
|a Sloan, Samuel,
|d 1815-1884.
|
| 245 |
1 |
4 |
|a The model architect :
|b a series of original designs for cottages, villas, suburban residences, etc., accompanied by explanations, specifications, estimates, and elaborate details prepared expressly for the use of projectors and artisans throughout the United States /
|c by Samuel Sloan.
|
| 264 |
|
1 |
|a New York :
|b Da Capo Press,
|c 1975.
|
| 300 |
|
|
|a 2 volumes :
|b illustrations ;
|c 36 cm.
|
| 336 |
|
|
|a text
|b txt
|2 rdacontent
|
| 337 |
|
|
|a unmediated
|b n
|2 rdamedia
|
| 338 |
|
|
|a volume
|b nc
|2 rdacarrier
|
| 490 |
1 |
|
|a Da Capo Press series in architecture and decorative art
|
| 500 |
|
|
|a Reprint of the 1852 edition published by E. S. Jones, Philadelphia.
|
| 650 |
|
0 |
|a Architecture, Domestic
|z United States.
|
| 650 |
|
0 |
|a Architecture, Domestic
|v Designs and plans.
|
| 830 |
|
0 |
|a Da Capo Press series in architecture and decorative art.
|
| 999 |
|
|
|a MARS
|
| 999 |
f |
f |
|s dca5ad7d-29fd-3dc8-84e0-e5f4ac90ae07
|i bf5e84fd-1942-3101-8506-faa148389d09
|t 0
|
| 952 |
f |
f |
|p ric
|a Texas A&M University
|b Rellis Campus
|c Joint Library Facility
|d Remote Storage
|t 0
|e NA7207 .S6 1975
|f Oversize
|h Library of Congress classification
|i unmediated -- volume
|k v.1
|m A14805836275
|
| 952 |
f |
f |
|p ric
|a Texas A&M University
|b Rellis Campus
|c Joint Library Facility
|d Remote Storage
|t 0
|e NA7207 .S6 1975
|f Oversize
|h Library of Congress classification
|i unmediated -- volume
|k v.2
|m A14805836283
|
| 998 |
f |
f |
|a NA7207 .S6 1975
|s v.1-2
|t 0
|l Remote Storage
|